Statistics for Danish players who played in the Overwatch League

Click here to take the quiz!

General Stats

  • This quiz has been taken 16 times
  • The average score is 4 of 6

Answer Stats

Player1st team% Correct
dafran
73%
Doge
73%
Molf1g
73%
Naga
73%
Shax
67%
Kellex
60%

Score Distribution

Percentile by Number Answered

Percent of People with Each Score

Your Score History

You have not taken this quiz